UK Countries in History Quiz Stats

 Plays Quiz Updated Jul 10, 2018

Also try: UK History Bunker
Challenge
Share
Tweet
Embed
Score 0/12 Timer 03:00
10 Plays Today
Question Answer Wrong Answers
Which UK country ruled large parts of Medieval France? England
90.6%
Northern Ireland
0.9%
Scotland
4.9%
Wales
1.8%
Which UK country was conquered by the Normans in 1066? England
90.4%
Northern Ireland
1.8%
Scotland
4.3%
Wales
1.8%
Which UK country was united by Gruffydd ap Llywelyn? Wales
87.1%
England
2.2%
Northern Ireland
4.2%
Scotland
4.6%
Which UK country was the locus of The Troubles ? Northern Ireland
80.2%
England
6.9%
Scotland
6.6%
Wales
4.4%
Which UK country crowned its kings at Scone? Scotland
75.1%
England
7%
Northern Ireland
7.4%
Wales
8.6%
Which UK country has given its name to the Royal Heir? Wales
73.6%
England
16%
Northern Ireland
1.4%
Scotland
7.2%
Which UK country formed the Auld Alliance with France? Scotland
65%
England
25%
Northern Ireland
3.7%
Wales
4.5%
Which UK country was never occupied by the Romans? Northern Ireland
58.8%
England
2.1%
Scotland
32.2%
Wales
5.3%
Which UK country contains Hadrian's Wall? England
58.6%
Northern Ireland
3.1%
Scotland
34%
Wales
2.5%
Which UK country has never been an independent state? Northern Ireland
57.5%
England
7.5%
Scotland
3.7%
Wales
29.7%
Which UK country was the birthplace of Owen Tudor? Wales
49.4%
England
34.7%
Northern Ireland
3.2%
Scotland
10.6%
Which UK country was bankrupted by the Darien scheme? Scotland
45.3%
England
11.7%
Northern Ireland
26.9%
Wales
14%

You're not logged in!

Compare scores with friends on all Sporcle quizzes.
Join for Free
OR
Log In

You Might Also Like...

Show Comments

Extras

Top Quizzes Today


Score Distribution

Your Account Isn't Verified!

In order to create a playlist on Sporcle, you need to verify the email address you used during registration. Go to your Sporcle Settings to finish the process.

Report this User

Report this user for behavior that violates our Community Guidelines.

Details: